| 000 | 00705nam a22001817a 4500 | ||
|---|---|---|---|
| 005 | 20240321114517.0 | ||
| 010 | _aHIN-126839 | ||
| 020 |
_a9789384535858 _c125.00 |
||
| 035 | _aHN-99185 | ||
| 037 | _bDBAD/PUB | ||
| 082 | _a230.51 | ||
| 100 |
_aअनुभवानंद _963749 |
||
| 245 |
_aआनंद ही आनंद;पंचदशी के अध्याय 14 की व्याख्या / _cस्वामी अनुभवानन्द |
||
| 260 |
_aBhopal _bIndra Publishing House _c2017 |
||
| 270 |
_bBhopal _aHabibganj police station Road, _e462016 |
||
| 300 |
_a138पृ. _c22सेमी.(अजिल्द) |
||
| 942 |
_2ddc _cHN _h230.51 _mअनुभ |
||
| 999 |
_c200542 _d200542 |
||